Catálogo
 En Linea

L'art en Grece : (Registro nro. 1501)

Detalles MARC
000 -CABECERA
campo de control de longitud fija 00751cam a2200205 a 4500
001 - NÚMERO DE CONTROL
campo de control 000001607
005 - FECHA Y HORA DE LA ÚLTIMA TRANSACCIÓN
campo de control 20200929145633.0
008 - DATOS DE LONGITUD FIJA--INFORMACIÓN GENERAL
campo de control de longitud fija 810327s1924 fr a 001 0 fre
040 ## - FUENTE DE LA CATALOGACIÓN
Centro catalogador/agencia de origen DO-SdBNP
Lengua de catalogación spa
Centro/agencia transcriptor BNPHU
082 ## - NÚMERO DE LA CLASIFICACIÓN DECIMAL DEWEY
Número de clasificación 733.3
Número de documento/Ítem R543a
100 1# - ENTRADA PRINCIPAL--NOMBRE DE PERSONA
Nombre de persona Ridder, A. De
Forma completa/desarrollada del nombre (Ridder Andre Henri Pierre de),
Fechas asociadas al nombre 1868-1921.
9 (RLIN) 5265
245 12 - MENCIÓN DE TÍTULO
Título L'art en Grece :
Resto del título avec 66 figures dans le texte et 23 planches hors texte /
Mención de responsabilidad, etc. A. De Ridder ; W. Deonna.
260 ## - PUBLICACIÓN, DISTRIBUCIÓN, ETC.
Lugar de publicación, distribución, etc. Paris :
Nombre del editor, distribuidor, etc. Renaissance du livre,
Fecha de publicación, distribución, etc. 1924.
300 ## - DESCRIPCIÓN FÍSICA
Extensión xxviii, 419 p. :
Otras características físicas il. ;
Dimensiones 19 cm.
490 1# - MENCIÓN DE SERIE
Mención de serie L'evolution de l'Humanite
650 #4 - PUNTO DE ACCESO ADICIONAL DE MATERIA--TÉRMINO DE MATERIA
Término de materia o nombre geográfico como elemento de entrada Escultura griega
9 (RLIN) 5266
650 #4 - PUNTO DE ACCESO ADICIONAL DE MATERIA--TÉRMINO DE MATERIA
Término de materia o nombre geográfico como elemento de entrada Arte griego
Subdivisión general Historia
9 (RLIN) 5267
700 1# - PUNTO DE ACCESO ADICIONAL--NOMBRE DE PERSONA
Nombre de persona Deonna, Waldemar,
Fechas asociadas al nombre 1868-1921.
9 (RLIN) 5268
830 #0 - PUNTO DE ACCESO ADICIONAL DE SERIE-TÍTULO UNIFORME
Título uniforme L'evolution de l'Humanite.
9 (RLIN) 5269
Existencias
Estado de retiro Estado de pérdida Restricciones de uso No para préstamo Código de colección Localización permanente Ubicación/localización actual Ubicación en estantería Fecha de adquisición Número de inventario Total de préstamos Signatura topográfica completa Código de barras Fecha visto por última vez Precio válido a partir de Tipo de ítem Koha
    Préstamo interno   Monografías: Libros y Folletos General General En catalogación 19.09.2009 LF1   733.3 R543a 1607-10 25.06.2020 25.06.2020 Préstamo interno

Con tecnología Koha